Land issues (Record no. 104788)
[ view plain ]
| 000 -LEADER | |
|---|---|
| fixed length control field | 01157cam a2200205 4500 |
| 001 - CONTROL NUMBER | |
| control field | ##L131579 |
| 008 - FIXED-LENGTH DATA ELEMENTS--GENERAL INFORMATION | |
| fixed length control field | 051116n2005 000 0 eng u |
| 035 ## - SYSTEM CONTROL NUMBER | |
| System control number | (Sirsi) u131579 |
| 041 0# - LANGUAGE CODE | |
| Language code of text/sound track or separate title | eng |
| 050 04 - LIBRARY OF CONGRESS CALL NUMBER | |
| Classification number | 333.73 $2 18 |
| 110 1# - MAIN ENTRY--CORPORATE NAME | |
| Corporate name or jurisdiction name as entry element | Savills Residential Research |
| 9 (RLIN) | 3474 |
| 245 00 - TITLE STATEMENT | |
| Title | Land issues |
| Remainder of title | residential development land |
| 260 #0 - PUBLICATION, DISTRIBUTION, ETC. | |
| Place of publication, distribution, etc. | London |
| Name of publisher, distributor, etc. | Savills |
| Date of publication, distribution, etc. | 2005 |
| 490 ## - SERIES STATEMENT | |
| Series statement | FPD Savills Research |
| Volume/sequential designation | (4) Autumn 2005 |
| 520 ## - SUMMARY, ETC. | |
| Summary, etc. | Asks where future land supply is going to come from? Discusses whether brownfield land is really the answer. Concludes that the ODPM estimate of potentially available brownfield land is unduly optimistic and notes that much of this land is located in regions of relatively low demand. Also suspects that the number of units being built on brownfield land will fall as a result of a limited suitable supply of previously developed land and changing market conditions. Tables. |
| 590 ## - LOCAL NOTE (RLIN) | |
| Local note | IKA221105 |
| 690 ## - LOCAL SUBJECT ADDED ENTRY--TOPICAL TERM (OCLC, RLIN) | |
| Topical term or geographic name as entry element | PROPERTY-RESIDENTIAL PROPERTY-RESIDENTIAL PROPERTY DEVELOPMENT |
| 856 40 - ELECTRONIC LOCATION AND ACCESS | |
| Uniform Resource Identifier | <a href="https://www.savills.com">https://www.savills.com</a> |
| Public note | View the research briefing free of charge after free registration at www.savills.com... |
| 942 ## - ADDED ENTRY ELEMENTS (KOHA) | |
| Suppress in OPAC | 0 |
| Withdrawn status | Lost status | Source of classification or shelving scheme | Damaged status | Not for loan | Home library | Current library | Shelving location | Date acquired | Total Checkouts | Full call number | Barcode | Date last seen | Copy number | Price effective from | Koha item type |
|---|---|---|---|---|---|---|---|---|---|---|---|---|---|---|---|
| Dewey Decimal Classification | Virtual | Virtual | Online | 16/11/2005 | ONLINE PUBLICATION | 131579-2001 | 06/08/2019 | 1 | 06/08/2019 | Book |